000 00879nmm a2200277 a 4500
001 ocm0002145976
003 TR-IsHL
005 20201028182721.0
008 190206s2017 tu tur
007 cr cn
020 _a9786053275411
035 _a2145976
_b(N$T)
050 0 4 _aHF5686.C8
_bO97 2017
090 0 4 _aHF5686.C8
_bO97 2017
100 1 _aÖztürk, Erkan
245 1 0 _aNormal maliyet yöntemi
_h[electronic resource] /
_cErkan Öztürk
260 _aBursa :
_bEkin Basım Yayın Dağıtım,
_c2017
300 _a86 p.
500 _aKaynakça var.
650 4 _aEkonomi ve Finans
650 4 _aEconomics and Finance
650 0 _aYönetim muhasebesi
650 0 _aManagerial accounting
650 7 _aBUSINESS & ECONOMICS / Management
_2bisacsh
856 4 0 _uhttp://search.ebscohost.com/login.aspx?direct=true&scope=site&db=e011xww&AN=2145976
999 _c20198
_d20198